Cartouche (Record no. 181969)

MARC details
000 -LEADER
campo de control de longitud fija 01241nam a2200277 i 4500
001 - NÚMERO DE CONTROL
campo de control 181969
003 - IDENTIFICADOR DE NÚMERO DE CONTROL
campo de control ES-MaACL
005 - FECHA Y HORA DE LA ÚLTIMA TRANSACCIÓN
campo de control 20230906221511.0
008 - DATOS DE LONGITUD FIJA--INFORMACIÓN GENERAL
campo de control de longitud fija 130516q18501899fr |||| | fre d
100 1# - ENTRADA PRINCIPAL--NOMBRE DE PERSONA
Nombre de persona Ennery, Adolphe d'.
9 (RLIN) 47251
245 10 - MENCIÓN DEL TÍTULO
Título Cartouche
Resto del título : drame nouveau en cinq actes (huit tableaux) : représenté pour la première fois, à Paris, sur le théâtre de la Gaîté, le 29 décembre 1858 /
Mención de responsabilidad, etc. par MM. Adolphe d'Ennery et Ferdinand Dugué ; [Un mari d'occasion / Hippolyte Lucas].
260 ## - PUBLICACIÓN, DISTRIBUCIÓN, ETC.
Lugar de publicación, distribución, etc. [Paris] :
Nombre del editor, distribuidor, etc. Michel Lévy,
Fecha de publicación, distribución, etc. [185?]
300 ## - DESCRIPCIÓN FÍSICA
Extensión 31, 5 p. :
Otras características físicas il. ;
Dimensiones 30 cm.
490 1# - MENCIÓN DE SERIE
Mención de serie Théatre contemporain illustré ;
Designación de volumen o secuencia 423 et 424 livraison
594 ## - Nota al título y mención de responsabilidad
Nota al título y mención de responsabilidad Título y autores tomado de principio del texto.
596 ## - NOTA AL PIE DE IMPRENTA
NOTA AL PIE DE IMPRENTA Editor y colección tomado de la cabecera de la primera página.
599 ## - NOTA A LAS ILUSTRACIONES
NOTA A LAS ILUSTRACIONES Grabados firmados por A. Belin et D. Dumont.
700 0# - ENTRADA AGREGADA--NOMBRE PERSONAL
Nombre de persona Dugué, Ferdinand.
9 (RLIN) 45935
700 1# - ENTRADA AGREGADA--NOMBRE PERSONAL
Nombre de persona Belin, Auguste.
9 (RLIN) 152779
700 1# - ENTRADA AGREGADA--NOMBRE PERSONAL
Nombre de persona Dumont, Désiré.
9 (RLIN) 152780
700 1# - ENTRADA AGREGADA--NOMBRE PERSONAL
Nombre de persona Lucas, Hyppolyte.
9 (RLIN) 129119
740 0# - ENTRADA AGREGADA--TÍTULO RELACIONADO/ANALÍTICO NO CONTROLADO
Título relacionado o analítico no controlado Un mari d'occassion.
830 0# - PUNTO DE ACCESO ADICIONAL DE SERIE-TÍTULO UNIFORME
Título uniforme Théatre contemporain illustré ;
Designación de volumen o secuencia 423 et 424 livraison
9 (RLIN) 191707
852 ## - LOCALIZACIÓN
Ubicación ES-MaACL
Número de control de estantería R-1704(3)
Nota libre r.- Enc. en un vol. facticio
Holdings
Estatus retirado Estado de pérdida Estado de daño No para préstamo Colección Biblioteca de origen Biblioteca actual Ubicación en estantería Fecha de adquisición Fuente de adquisición Total de préstamos Signatura topográfica completa Código de barras Visto por última vez Precio de reemplazo Tipo de ítem Koha
        Libros del s. XIX Biblioteca del Ateneo de Madrid Biblioteca del Ateneo de Madrid Depósito 16/05/2013     R-1704(3) 1191229 23/02/2023 23/02/2023 Libro impreso antiguo